000 00858nam a22002897a 4500
003 CHAP
005 20220329140512.0
008 971013s1974 r 00010 d
010 _a52958
011 _a53930
035 _a58080
040 _cCHAP
082 _a001.6
_bR6
100 0 0 _aRosenthal, Paul H.
_9100137
245 _aMulti-access computing ; modern research and requirements
260 _aRochelle Park, N. J. :
_bHayden,
_c1974
300 _a223 p.
590 _aBATCH-UPD
_b10
_c20130110
_lUCH01
_h0354
590 _aBATCH-UPD
_b10
_c20130110
_lUCH01
_h2238
590 _aCONVERSION
_b10
_c20130109
_lUCH01
_h1329
650 1 4 _aTiempo compartido.
_9113051
650 1 4 _aTiempo real.
_9113058
700 0 _aMish, Russell K.
_976176
901 _aBK
942 _cLIBRO
949 _a001.6 R6
_bBC
_cLIBRO
_d33724000229308
_eLIBRO
_h40835
_i58080
_si
999 _c52958
_d52958